Society and population
Αποθηκεύτηκε σε:
| Κύριος συγγραφέας: | |
|---|---|
| Άλλοι συγγραφείς: | |
| Μορφή: | Βιβλίο |
| Γλώσσα: | English |
| Δημοσίευση: |
New Jersey :
Prentice Hall,
c1992
|
| Σειρά: | Prentice Hall foundations of modern society series
|
| Θέματα: | |
| Ετικέτες: |
Προσθήκη ετικέτας
Δεν υπάρχουν, Καταχωρήστε ετικέτα πρώτοι!
|
MARC
| LEADER | 00000nam a2200000 i 4500 | ||
|---|---|---|---|
| 001 | 1/90380 | ||
| 008 | 990927s1992 eng d | ||
| 020 | |a 0-13-819707-5 | ||
| 035 | |l 10053081 | ||
| 040 | |a GR-MY-UA |b gre |e aacr | ||
| 041 | 0 | |a eng | |
| 082 | 0 | |a 304.6 | |
| 100 | 1 | |a Heer, DAvid M. | |
| 245 | 1 | 0 | |a Society and population / |c David M. Heer, Jill S. Grigsby |
| 260 | |a New Jersey : |b Prentice Hall, |c c1992 | ||
| 300 | |a 127 p. |b fig. | ||
| 490 | 1 | |a Prentice Hall foundations of modern society series | |
| 504 | |a Includes bibliographical references and index | ||
| 650 | 0 | 0 | |a Population. |
| 650 | 0 | 0 | |a Demography. |
| 700 | 1 | |a Grigsby, Jill. | |
| 830 | 0 | |a Prentice Hall foundations of modern society series | |
| 852 | |a INST |b LESVOS |e 19990927 |h 304.6 HEE |p 005100019374 |q 005100019374 |t BK |y 0 | ||
| 901 | |a BIBL1-1999-3 | ||
| 909 | |a Λ |b 066649 | ||
| 922 | |a 1ΕΛΗ |b 199907 |c ΚΠΣ/ΤΚ |d ΠΑΠΑΣΩΤΗΡΙΟΥ | ||
| 950 | |a 103-1998-07-27 | ||
| 970 | |a ΜΟΥΣΤΑΚΑ |b ΠΗΝΕΛΟΠΗ |z 1999/10/04 | ||